000 00468nam a2200181Ia 4500
001 19910
005 20260306172727.0
008 260306t2003||||xx |||||||||||||| ||spa||
041 _aESP
082 _a341.4
_bG27
100 _aGascón Abellán, Marina
_eAUT
245 0 _aLa argumentación en el derecho:
_balgunas cuestiones fundamentales
260 _c2003
300 _a414 páginas :
_c20 cm.
650 _aGEN
654 _aCDE
942 _cLIB
_dJUS
_fJUS
_2ddc
_n
999 _c19910
_d19910